Online
Catalog

El conflicto de los siglos durante la era cristiana / (Record no. 21504)

MARC details
000 -CABECERA
campo de control de longitud fija 00801nam a2200229 a 4500
001 - NÚMERO DE CONTROL
campo de control 000022006
005 - FECHA Y HORA DE LA ÚLTIMA TRANSACCIÓN
campo de control 20240517200444.0
008 - DATOS DE LONGITUD FIJA--INFORMACIÓN GENERAL
campo de control de longitud fija 100915s1968 xxu r 000 0 spa d
040 ## - FUENTE DE LA CATALOGACIÓN
Centro catalogador/agencia de origen DO-SdBNP
Lengua de catalogación spa
Centro/agencia transcriptor BNPHU
082 ## - NÚMERO DE LA CLASIFICACIÓN DECIMAL DEWEY
Número de clasificación 291.17
Número de documento/Ítem W582c, 1968
049 ## - FONDOS LOCALES (OCLC)
Fondos de biblioteca BNGR
100 1# - ENTRADA PRINCIPAL--NOMBRE DE PERSONA
Nombre de persona White, Elena G. de,
Fechas asociadas al nombre 1827-1915
9 (RLIN) 45615
245 13 - MENCIÓN DE TÍTULO
Título El conflicto de los siglos durante la era cristiana /
Mención de responsabilidad, etc. Elena G. de White.
250 ## - MENCIÓN DE EDICIÓN
Mención de edición 6a. ed.
260 ## - PUBLICACIÓN, DISTRIBUCIÓN, ETC.
Lugar de publicación, distribución, etc. California (Estados Unidos) :
Nombre del editor, distribuidor, etc. Publicaciones interamericanas;
-- Pacific Press Publishing Association,
Fecha de publicación, distribución, etc. 1968.
300 ## - DESCRIPCIÓN FÍSICA
Extensión 784 p. ;
Dimensiones 17 cm.
500 ## - NOTA GENERAL
Nota general Incluye referencias bíblicas p. [751-757].
500 ## - NOTA GENERAL
Nota general Incluye índice alfabético
650 #4 - PUNTO DE ACCESO ADICIONAL DE MATERIA--TÉRMINO DE MATERIA
Término de materia o nombre geográfico como elemento de entrada Teología bíblica
9 (RLIN) 45616
650 #0 - PUNTO DE ACCESO ADICIONAL DE MATERIA--TÉRMINO DE MATERIA
Término de materia o nombre geográfico como elemento de entrada Teología
9 (RLIN) 2174
650 #4 - PUNTO DE ACCESO ADICIONAL DE MATERIA--TÉRMINO DE MATERIA
Término de materia o nombre geográfico como elemento de entrada Teología y filosofía
9 (RLIN) 2874
Holdings
Estado de retiro Estado de pérdida Restricciones de uso No para préstamo Código de colección Localización permanente Ubicación/localización actual Ubicación en estantería Fecha de adquisición Número de inventario Total de préstamos Signatura topográfica completa Código de barras Fecha visto por última vez Precio válido a partir de Tipo de ítem Koha
        Monografías: Libros y Folletos General General En catalogación 15.09.2010 LF1   291.17 W582c, 1968 22006-10 25.06.2020 25.06.2020 Préstamo en sala

Powered by Koha